| 000 | 01347nam2a2200229 4500 | ||
|---|---|---|---|
| 001 | rc\2654355 | ||
| 005 | 20260315043249.0 | ||
| 035 | _a(NLR Aleph) 006961678 | ||
| 090 |
_a13564068 _c13564068 |
||
| 100 | _a20110615d1930 u y0rusy50 ca | ||
| 101 | 0 | _arus | |
| 102 | _aRU | ||
| 105 | _ay z ||||| | ||
| 200 | 1 |
_aСнабжение колхозов средствами производства _fПод ред. Я. Легенченко |
|
| 210 | _d1930 | ||
| 461 | 0 |
_1001rc\2654352 _12001#$aОрганизация хозяйственного обслуживания колхозов$eЛекция 1-$fН.Г. Селескериди$gПод ред. С. Фридмана$gВсерос. союз с.-х. коллективов Колхозцентра$vЛекция 3-я _95350842 _aКурсы заочного обучения по колхозному строительству (Москва) _cМосква _d1930 _fН.Г. Селескериди _nЗаоч. курсы по колхозному строительству Заочколхозкурсы _oЛекция 1- _tОрганизация хозяйственного обслуживания колхозов _vЛекция 3-я |
|
| 702 | 1 |
_aЛегенченко _bЯ. _4340 |
|
| 801 | 0 |
_aRU _bNLR _gpsbo |
|
| 801 | 1 |
_aRU _bELAR _2rusmarc |
|
| 852 |
_aNLR _j32-17/647 |
||
| 942 | _cUNSPEC | ||
| 980 | _aNB | ||